ՀՀ Գիտությունների ազգային ակադեմիայի հիմնարար գիտական գրադարան  =   Fundamental Scientific Library of NAS RA

Дружбу пою : (Record no. 378251)

MARC details
000 -LEADER
fixed length control field 00709nam a2200193 a 4500
001 - CONTROL NUMBER
control field 001189700
003 - CONTROL NUMBER IDENTIFIER
control field AM-YeHGA
005 - DATE AND TIME OF LATEST TRANSACTION
control field 20250617152817.0
008 - FIXED-LENGTH DATA ELEMENTS--GENERAL INFORMATION
fixed length control field 161115s1958 ||| r 000 0 rus d
040 ## - CATALOGING SOURCE
Original cataloging agency AM-YeHGA
041 1# - LANGUAGE CODE
Language code of text/sound track or separate title rus
Language code of original uig
090 ## - LOCALLY ASSIGNED LC-TYPE CALL NUMBER (OCLC); LOCAL CALL NUMBER (RLIN)
-- 380164
100 1# - MAIN ENTRY--PERSONAL NAME
Personal name Хасанов, Кадыр
245 10 - TITLE STATEMENT
Title Дружбу пою :
Remainder of title Пер. с уйгур. /
Statement of responsibility, etc. Кадыр Хасанов.
260 ## - PUBLICATION, DISTRIBUTION, ETC.
Place of publication, distribution, etc. Алма-Ата :
Name of publisher, distributor, etc. Казахское гос. изд-во худож. литер.,
Date of publication, distribution, etc. 1958.
300 ## - PHYSICAL DESCRIPTION
Extent 135 с. :
Other physical details портр.
440 00 - SERIES STATEMENT/ADDED ENTRY--TITLE
Title Декада казахского искусства и литературы в Москве, 1958 г
653 0# - INDEX TERM--UNCONTROLLED
Uncontrolled term Уйгурская литература
Holdings
Withdrawn status Lost status Damaged status Not for loan Collection Home library Current library Date acquired Total checkouts Full call number Barcode Date last seen Price effective from Koha item type Public note
        General Fundamental Scientific Library Fundamental Scientific Library 11/01/2017   РД I/4742 FL0417553 11/01/2017 11/01/2017 Գրքեր / Books 30 Days Loan


ՀՀ ԳԱԱ հիմնարար գիտական գրադարան
ՀՀ,Երևան 0019
Մարշալ Բաղրամյան 24/6
հեռախոս:(374-10) 52-47-50
Հետադարձ կապ

All site content, except where otherwise noted, is licensed under a
Creative Commons License